| 000 | 00673nam a2200181zi 4500 | ||
|---|---|---|---|
| 999 |
_c27325 _d55323 |
||
| 005 | 20180313045106.0 | ||
| 037 |
_aBC_1426 15 _fbroch |
||
| 040 |
_aBC-ENSA _bfre |
||
| 041 |
_afre _bfre |
||
| 110 | _aOffice national des statistiques. Direction technique chargée des statistiques de la population et de l'emploi | ||
| 245 | _aEnquete emploi aupres des menages 2013 | ||
| 260 |
_aAlger _bONS _c2012 |
||
| 300 |
_bill. _a137 p. _c29 cm |
||
| 541 | _cABON | ||
| 562 | _e01 exemplaire(s) | ||
| 942 | _c09 | ||
| 653 | _aEMPLOI/ENQUETE/POPULATION ACTIVE/MAIN D'OEUVRE SALARIEE/TRAVAILLEUR/ALGERIE | ||